| 000 | 00350pab a2200145 454500 | ||
|---|---|---|---|
| 008 | 180718b1997 xxu||||| |||| 00| 0 eng d | ||
| 100 | _aNavlakha, Gautam | ||
| 245 | _aSome observations on loss of popular sovereignty | ||
| 260 | _c1997 | ||
| 300 | _ap.42-46 | ||
| 362 | _a25 Jan | ||
| 650 | _aSovereignty | ||
| 773 | _aMainstream | ||
| 909 | _a33074 | ||
| 999 |
_c33074 _d33074 |
||